<?xml version="1.0" encoding="UTF-8"?>
<record
    xmlns:xsi="http://www.w3.org/2001/XMLSchema-instance"
    xsi:schemaLocation="http://www.loc.gov/MARC21/slim http://www.loc.gov/standards/marcxml/schema/MARC21slim.xsd"
    xmlns="http://www.loc.gov/MARC21/slim">

  <leader>01867cam a2200541Ma 4500</leader>
  <datafield tag="952" ind1=" " ind2=" ">
    <subfield code="0">0</subfield>
    <subfield code="1">0</subfield>
    <subfield code="4">0</subfield>
    <subfield code="7">0</subfield>
    <subfield code="8">OPEN</subfield>
    <subfield code="a">UCCML</subfield>
    <subfield code="b">UCCML</subfield>
    <subfield code="c">MLEE1</subfield>
    <subfield code="d">2018-10-31</subfield>
    <subfield code="i">226214</subfield>
    <subfield code="l">1</subfield>
    <subfield code="o">PR2807.A2.Sh1</subfield>
    <subfield code="p">30261101561233</subfield>
    <subfield code="r">2018-11-14 00:00:00</subfield>
    <subfield code="s">2018-10-31</subfield>
    <subfield code="w">2018-10-31</subfield>
    <subfield code="y">BK</subfield>
  </datafield>
  <datafield tag="999" ind1=" " ind2=" ">
    <subfield code="c">27417</subfield>
    <subfield code="d">27417</subfield>
  </datafield>
  <controlfield tag="001">ocn970469706</controlfield>
  <controlfield tag="003">OCoLC</controlfield>
  <controlfield tag="005">20220304154403.0</controlfield>
  <controlfield tag="008">970219s1992    nyu           000 0 eng d</controlfield>
  <datafield tag="020" ind1=" " ind2=" ">
    <subfield code="a">067172262X</subfield>
  </datafield>
  <datafield tag="020" ind1=" " ind2=" ">
    <subfield code="a">9780671722623</subfield>
  </datafield>
  <datafield tag="035" ind1=" " ind2=" ">
    <subfield code="a">(OCoLC)970469706</subfield>
  </datafield>
  <datafield tag="040" ind1=" " ind2=" ">
    <subfield code="a">I8M</subfield>
    <subfield code="b">spa</subfield>
    <subfield code="c">I8M</subfield>
    <subfield code="d">I8M</subfield>
    <subfield code="d">OCLCF</subfield>
    <subfield code="d">OCLCO</subfield>
    <subfield code="d">OCLCQ</subfield>
    <subfield code="d">OCLCA</subfield>
  </datafield>
  <datafield tag="043" ind1=" " ind2=" ">
    <subfield code="a">e-dk---</subfield>
  </datafield>
  <datafield tag="050" ind1=" " ind2="4">
    <subfield code="a">PR2807</subfield>
    <subfield code="b">A2</subfield>
  </datafield>
  <datafield tag="100" ind1="1" ind2=" ">
    <subfield code="a">Shakespeare, William,</subfield>
    <subfield code="d">1564-1616.</subfield>
    <subfield code="9">1839</subfield>
  </datafield>
  <datafield tag="245" ind1="1" ind2="0">
    <subfield code="a">Hamlet /</subfield>
    <subfield code="c">Shakespeare.</subfield>
  </datafield>
  <datafield tag="250" ind1=" " ind2=" ">
    <subfield code="a">1 ed.</subfield>
  </datafield>
  <datafield tag="260" ind1=" " ind2=" ">
    <subfield code="a">New York :</subfield>
    <subfield code="b">Washington Square,</subfield>
    <subfield code="c">1992.</subfield>
  </datafield>
  <datafield tag="300" ind1=" " ind2=" ">
    <subfield code="a">342 p.</subfield>
  </datafield>
  <datafield tag="600" ind1="0" ind2="7">
    <subfield code="a">Hamlet</subfield>
    <subfield code="c">(Legendary character)</subfield>
    <subfield code="2">fast</subfield>
    <subfield code="9">47416</subfield>
  </datafield>
  <datafield tag="650" ind1=" " ind2="0">
    <subfield code="a">Hamlet (Legendary character)</subfield>
    <subfield code="v">Drama.</subfield>
    <subfield code="9">47417</subfield>
  </datafield>
  <datafield tag="650" ind1=" " ind2="0">
    <subfield code="a">Kings and rulers</subfield>
    <subfield code="x">Succession</subfield>
    <subfield code="v">Drama.</subfield>
    <subfield code="9">47418</subfield>
  </datafield>
  <datafield tag="650" ind1=" " ind2="0">
    <subfield code="a">Murder victims' families</subfield>
    <subfield code="v">Drama.</subfield>
    <subfield code="9">47419</subfield>
  </datafield>
  <datafield tag="650" ind1=" " ind2="0">
    <subfield code="a">Fathers</subfield>
    <subfield code="x">Death</subfield>
    <subfield code="v">Drama.</subfield>
    <subfield code="9">47420</subfield>
  </datafield>
  <datafield tag="650" ind1=" " ind2="0">
    <subfield code="a">Princes</subfield>
    <subfield code="v">Drama.</subfield>
    <subfield code="9">47421</subfield>
  </datafield>
  <datafield tag="650" ind1=" " ind2="0">
    <subfield code="a">Revenge</subfield>
    <subfield code="v">Drama.</subfield>
    <subfield code="9">18463</subfield>
  </datafield>
  <datafield tag="650" ind1=" " ind2="4">
    <subfield code="a">Hamlet (Personaje legendario)</subfield>
    <subfield code="v">Drama.</subfield>
    <subfield code="9">47422</subfield>
  </datafield>
  <datafield tag="650" ind1=" " ind2="4">
    <subfield code="a">Reyes y gobernantes</subfield>
    <subfield code="x">Sucesi&#xFFFD;on</subfield>
    <subfield code="v">Drama.</subfield>
    <subfield code="9">47423</subfield>
  </datafield>
  <datafield tag="650" ind1=" " ind2="4">
    <subfield code="a">Familias v&#xFFFD;ictimas de asesinato</subfield>
    <subfield code="v">Drama.</subfield>
    <subfield code="9">47424</subfield>
  </datafield>
  <datafield tag="650" ind1=" " ind2="4">
    <subfield code="a">Padres</subfield>
    <subfield code="x">Muerte</subfield>
    <subfield code="v">Drama.</subfield>
    <subfield code="9">47425</subfield>
  </datafield>
  <datafield tag="650" ind1=" " ind2="4">
    <subfield code="a">Venganza</subfield>
    <subfield code="v">Drama.</subfield>
    <subfield code="9">47426</subfield>
  </datafield>
  <datafield tag="650" ind1=" " ind2="4">
    <subfield code="a">Pr&#xFFFD;incipes</subfield>
    <subfield code="v">Drama.</subfield>
    <subfield code="9">47427</subfield>
  </datafield>
  <datafield tag="650" ind1=" " ind2="7">
    <subfield code="a">Fathers</subfield>
    <subfield code="x">Death.</subfield>
    <subfield code="2">fast</subfield>
    <subfield code="9">47428</subfield>
  </datafield>
  <datafield tag="650" ind1=" " ind2="7">
    <subfield code="a">Kings and rulers</subfield>
    <subfield code="x">Succession.</subfield>
    <subfield code="2">fast</subfield>
    <subfield code="9">47429</subfield>
  </datafield>
  <datafield tag="650" ind1=" " ind2="7">
    <subfield code="a">Murder victims' families.</subfield>
    <subfield code="2">fast</subfield>
    <subfield code="9">47430</subfield>
  </datafield>
  <datafield tag="650" ind1=" " ind2="7">
    <subfield code="a">Princes.</subfield>
    <subfield code="2">fast</subfield>
    <subfield code="9">47431</subfield>
  </datafield>
  <datafield tag="650" ind1=" " ind2="7">
    <subfield code="a">Revenge.</subfield>
    <subfield code="2">fast</subfield>
    <subfield code="9">18464</subfield>
  </datafield>
  <datafield tag="651" ind1=" " ind2="0">
    <subfield code="a">Denmark</subfield>
    <subfield code="v">Drama.</subfield>
    <subfield code="9">47432</subfield>
  </datafield>
  <datafield tag="651" ind1=" " ind2="4">
    <subfield code="a">Dinamarca</subfield>
    <subfield code="v">Drama.</subfield>
    <subfield code="9">47433</subfield>
  </datafield>
  <datafield tag="651" ind1=" " ind2="7">
    <subfield code="a">Denmark.</subfield>
    <subfield code="2">fast</subfield>
    <subfield code="9">47434</subfield>
  </datafield>
  <datafield tag="655" ind1=" " ind2="4">
    <subfield code="a">Tragedias.</subfield>
    <subfield code="9">47435</subfield>
  </datafield>
  <datafield tag="655" ind1=" " ind2="4">
    <subfield code="a">Drama ingl&#xFFFD;es</subfield>
    <subfield code="y">Moderno e isabelino 1500-1600.</subfield>
    <subfield code="9">47436</subfield>
  </datafield>
  <datafield tag="655" ind1=" " ind2="7">
    <subfield code="a">Drama.</subfield>
    <subfield code="2">fast</subfield>
    <subfield code="9">13864</subfield>
  </datafield>
  <datafield tag="655" ind1=" " ind2="7">
    <subfield code="a">Tragedies.</subfield>
    <subfield code="2">gsafd</subfield>
    <subfield code="9">30094</subfield>
  </datafield>
  <datafield tag="942" ind1=" " ind2=" ">
    <subfield code="c">BK</subfield>
  </datafield>
  <datafield tag="948" ind1=" " ind2=" ">
    <subfield code="h">NO HOLDINGS IN GHUCC - 1 OTHER HOLDINGS</subfield>
  </datafield>
</record>
